00754nam a22002057a 4500003000500000005001700005008004100022010001000063011001000073020001500083035001000098040000900108110005300117245021700170260007000387300001000457650003300467650002600500650002200526CHAP20220329142707.0021113d1991 mx r 00110 spa d a86598 a87570 a9688058211 a98114 cCHAP2 aCentro Mexicano para los Derechos de la Infancia10aPeriodismo por la infancia :bversión completa de los trabajos ganadores del premio nacional de periodismo por la infancia CEMEDIN 1991, género reportajec/por Centro Mexicano para los Derechos de la Infancia aMéxico, D.F. :bComisión Nacional de Derechos Humanos,c1992. a89 p.14aDerechos humanosxAmérica.14aNutrición infantil.14aTrabajo infantil.